| 000 | 00603nam a22001217a 4500 | ||
|---|---|---|---|
| 040 | _cRUA | ||
| 082 | _aDVM HUY 2025 B707 Or.1 | ||
| 100 | _aHUY SOKHNENG, ហ៊ុយ សុខណេង | ||
| 245 | _aCase Of Feline Respiratory Diseases at sangkat psar kandal II, Daun Penh District in phnom penh, ករណីជំងឺផ្លូវដង្ហើមលើពិឡារនៅសង្កាត់ ផ្សារកណ្ដាល២ ខណ្ឌដូនពេញ រាជធានីភ្នំពេញ | ||
| 260 |
_aPHNOM PENH _bRUA _c2025 |
||
| 300 |
_aviii,38p. _bill. _c29cm. |
||
| 942 | _cNRM | ||
| 999 |
_c25681 _d25681 |
||